Vykazovanie dlhodobého hmotného majetku podľa IFRS v konsolidovaných účtovných závierkách slovenských zostavovateľov diplomová práca

Gespeichert in:
Bibliographische Detailangaben
1. Verfasser: Kamenárová, Nikola
Körperschaft: Fakulta hospodárskej informatiky EU. Katedra účtovníctva a audítorstva
Weitere Verfasser: Tumpach, Miloš, 1970-
Format: Buch
Sprache:Slowakisch
Veröffentlicht: Bratislava 2024
Tags: Tag hinzufügen
Keine Tags, Fügen Sie das erste Tag hinzu!

MARC

LEADER 00000nbm a2200000 4500
001 0301139
005 20250205082735.7
041 0 |a slo 
044 |a SK 
245 1 0 |a Vykazovanie dlhodobého hmotného majetku podľa IFRS v konsolidovaných účtovných závierkách slovenských zostavovateľov  |b diplomová práca  |c Nikola Kamenárová ; školiteľ: Miloš Tumpach 
264 1 |a Bratislava  |c 2024 
300 |a 58 s. 
100 1 |a Kamenárová, Nikola 
700 1 |a Tumpach, Miloš, 1970- 
710 2 |a Fakulta hospodárskej informatiky EU. Katedra účtovníctva a audítorstva